[Event "Campeonato España Sub 14"]
[Site "Salobreña"]
[Date "2017.07.19"]
[Round "5"]
[White "Rodriguez Redondo, Adhara"]
[Black "Prado Lobo, Jonas"]
[Result "1-0"]
[Board "22"]
[WhiteClock "1:30"]
[WhiteElo "1764"]
[WhiteCountry "ESP"]
[WhiteFideId "32065698"]
[WhiteEloChange "17"]
[BlackClock "1:30"]
[BlackElo "2054"]
[BlackCountry "ESP"]
[BlackFideId "32050666"]
[BlackEloChange "-17"]

1. e4 {[%clk 1:30:00]} e6 {[%clk 1:30:00]} 2. Nf3 {[%clk 1:31:00]} d5 {[%clk
1:31:00]} 3. exd5 {[%clk 1:31:00]} exd5 {[%clk 1:31:00]} 4. d4 {[%clk 1:32:00]}
Nc6 {[%clk 1:32:00]} 5. Bb5 {[%clk 1:32:00]} Bd6 {[%clk 1:32:00]} 6. c4 {[%clk
1:31:00]} dxc4 {[%clk 1:32:00]} 7. d5 {[%clk 1:29:00]} a6 {[%clk 1:31:00]} 8. Ba4
{[%clk 1:28:00]} b5 {[%clk 1:31:00]} 9. dxc6 {[%clk 1:29:00]} bxa4 {[%clk
1:31:00]} 10. O-O {[%clk 1:26:00]} Ne7 {[%clk 1:29:00]} 11. Qxa4 {[%clk 1:26:00]}
O-O {[%clk 1:25:00]} 12. Nbd2 {[%clk 1:24:00]} Bf5 {[%clk 1:00:00]} 13. Re1
{[%clk 1:19:00]} Rb8 {[%clk 0:58:00]} 14. a3 {[%clk 1:17:00]} c3 {[%clk 0:55:00]}
15. bxc3 {[%clk 1:16:00]} Nd5 {[%clk 0:50:00]} 16. Qd4 {[%clk 1:08:00]} Ne7
{[%clk 0:46:00]} 17. Qa4 {[%clk 0:54:00]} Bd3 {[%clk 0:40:00]} 18. c4 {[%clk
0:46:00]} Rb6 {[%clk 0:38:00]} 19. Ne5 {[%clk 0:34:00]} Bxe5 {[%clk 0:37:00]} 20.
Rxe5 {[%clk 0:35:00]} Qd4 {[%clk 0:37:00]} 21. Rxe7 {[%clk 0:31:00]} Qxa1 {[%clk
0:36:00]} 22. Re1 {[%clk 0:27:00]} Qf6 {[%clk 0:35:00]} 23. Nf3 {[%clk 0:25:00]}
Qxc6 {[%clk 0:33:00]} 24. Qxc6 {[%clk 0:26:00]} Rxc6 {[%clk 0:34:00]} 25. Ne5
{[%clk 0:25:00]} Rd6 {[%clk 0:34:00]} 26. Bf4 {[%clk 0:25:00]} Bc2 {[%clk
0:31:00]} 27. c5 {[%clk 0:22:00]} Rd5 {[%clk 0:29:00]} 28. h3 {[%clk 0:21:00]} g5
{[%clk 0:27:00]} 29. Nc6 {[%clk 0:19:07]} Rxc5 {[%clk 0:23:00]} 30. Ne7+ {[%clk
0:19:23]} Kg7 {[%clk 0:21:00]} 31. Re5 {[%clk 0:16:16]} Rxe5 {[%clk 0:21:00]} 32.
Bxe5+ {[%clk 0:16:41]} f6 {[%clk 0:22:00]} 33. Bxc7 {[%clk 0:16:48]} Be4 {[%clk
0:11:13]} 34. f3 {[%clk 0:15:57]} Kf7 {[%clk 0:10:07]} 35. fxe4 {[%clk 0:09:26]}
Kxe7 {[%clk 0:10:31]} 36. Kf2 {[%clk 0:09:01]} Rc8 {[%clk 0:10:40]} 37. Ba5
{[%clk 0:09:15]} Kd6 {[%clk 0:08:37]} 38. Ke3 {[%clk 0:08:19]} Ke5 {[%clk
0:08:55]} 39. Kd3 {[%clk 0:07:58]} Kf4 {[%clk 0:08:39]} 40. Bb4 {[%clk 0:06:45]}
Kg3 {[%clk 0:07:47]} 41. Be7 {[%clk 0:05:25]} Rc6 {[%clk 0:08:00]} 42. Kd4 {[%clk
0:05:00]} Re6 {[%clk 0:07:38]} 43. Bb4 {[%clk 0:04:32]} Kxg2 {[%clk 0:07:53]} 44.
Kd5 {[%clk 0:04:20]} Re5+ {[%clk 0:08:18]} 45. Kd4 {[%clk 0:04:45]} Kxh3 {[%clk
0:08:38]} 46. Bd6 {[%clk 0:04:58]} g4 {[%clk 0:08:57]} 47. Bxe5 {[%clk 0:03:42]}
fxe5+ {[%clk 0:09:22]} 48. Kxe5 {[%clk 0:04:09]} g3 {[%clk 0:09:49]} 49. Kf6
{[%clk 0:04:22]} g2 {[%clk 0:04:46]} 50. e5 {[%clk 0:10:39]} g1Q {[%clk 0:05:11]}
51. e6 {[%clk 0:10:47]} Qa1+ {[%clk 0:05:11]} 1-0

[Event "Campeonato España Sub 14"]
[Site "Salobreña"]
[Date "2017.07.19"]
[Round "5"]
[White "Perez Perez, Gabriel"]
[Black "Pedchenko, Alex"]
[Result "1/2-1/2"]
[Board "23"]
[WhiteClock "1:30"]
[WhiteElo "2000"]
[WhiteCountry "ESP"]
[WhiteFideId "32089147"]
[WhiteEloChange "-6"]
[BlackClock "1:30"]
[BlackElo "1746"]
[BlackCountry "ESP"]
[BlackFideId "24522732"]
[BlackEloChange "6"]

1. d4 {[%clk 1:30:00]} g6 {[%clk 1:30:00]} 2. Nf3 {[%clk 1:31:00]} Bg7 {[%clk
1:31:00]} 3. g3 {[%clk 1:31:00]} Nf6 {[%clk 1:31:00]} 4. Bg2 {[%clk 1:32:00]} d6
{[%clk 1:31:00]} 5. O-O {[%clk 1:32:00]} O-O {[%clk 1:32:00]} 6. a4 {[%clk
1:32:00]} Nbd7 {[%clk 1:32:00]} 7. Nbd2 {[%clk 1:25:00]} c5 {[%clk 1:30:00]} 8.
c3 {[%clk 1:22:00]} Rb8 {[%clk 1:28:00]} 9. e4 {[%clk 1:21:00]} e6 {[%clk
1:28:00]} 10. Re1 {[%clk 1:20:00]} b6 {[%clk 1:27:00]} 11. Nf1 {[%clk 1:12:00]}
Bb7 {[%clk 1:26:00]} 12. Qc2 {[%clk 1:10:00]} cxd4 {[%clk 1:25:00]} 13. Nxd4
{[%clk 1:10:00]} a6 {[%clk 1:22:00]} 14. Rd1 {[%clk 0:58:00]} Qe7 {[%clk
1:21:00]} 15. b3 {[%clk 0:47:00]} Rfc8 {[%clk 1:20:00]} 16. Ne3 {[%clk 0:45:00]}
d5 {[%clk 1:15:00]} 17. exd5 {[%clk 0:42:00]} Nxd5 {[%clk 1:13:00]} 18. Nxd5
{[%clk 0:42:00]} Bxd5 {[%clk 1:13:00]} 19. Be3 {[%clk 0:37:00]} Bxg2 {[%clk
1:11:00]} 20. Kxg2 {[%clk 0:37:00]} Ne5 {[%clk 1:09:00]} 21. f3 {[%clk 0:37:00]}
Nc6 {[%clk 1:09:00]} 22. Rac1 {[%clk 0:30:00]} Nxd4 {[%clk 0:54:00]} 23. Bxd4
{[%clk 0:31:00]} Bxd4 {[%clk 0:52:00]} 24. Rxd4 {[%clk 0:31:00]} Rd8 {[%clk
0:53:00]} 25. Rcd1 {[%clk 0:28:00]} Rxd4 {[%clk 0:53:00]} 26. Rxd4 {[%clk
0:28:00]} Rd8 {[%clk 0:53:00]} 27. Rxd8+ {[%clk 0:25:00]} Qxd8 {[%clk 0:53:00]}
28. b4 {[%clk 0:25:00]} Qd6 {[%clk 0:50:00]} 29. Qe2 {[%clk 0:20:00]} a5 {[%clk
0:50:00]} 30. b5 {[%clk 0:18:40]} Qa3 {[%clk 0:48:00]} 31. Qc2 {[%clk 0:14:49]}
Kf8 {[%clk 0:47:00]} 32. Kh3 {[%clk 0:11:52]} h5 {[%clk 0:46:00]} 33. Qd2 {[%clk
0:10:38]} Qc5 {[%clk 0:45:00]} 34. Kg2 {[%clk 0:10:02]} Ke7 {[%clk 0:45:00]} 35.
Qd3 {[%clk 0:09:54]} Qd5 {[%clk 0:44:00]} 36. Qe3 {[%clk 0:08:30]} Qd6 {[%clk
0:44:00]} 37. Kh3 {[%clk 0:07:39]} Kd7 {[%clk 0:43:00]} 38. g4 {[%clk 0:06:16]}
hxg4+ {[%clk 0:43:00]} 39. fxg4 {[%clk 0:06:44]} f5 {[%clk 0:42:00]} 40. gxf5
{[%clk 0:05:59]} exf5 {[%clk 0:41:00]} 41. Qf3 {[%clk 0:05:53]} Ke6 {[%clk
0:41:00]} 42. Qe3+ {[%clk 0:05:55]} Kf6 {[%clk 0:41:00]} 43. Kg2 {[%clk 0:04:42]}
Qd5+ {[%clk 0:41:00]} 44. Kh3 {[%clk 0:04:42]} 1/2-1/2

[Event "Campeonato España Sub 14"]
[Site "Salobreña"]
[Date "2017.07.19"]
[Round "5"]
[White "Alfonso Pellisa, Aaron"]
[Black "Ingunza Curro, Andres"]
[Result "0-1"]
[Board "24"]
[WhiteClock "1:30"]
[WhiteElo "1713"]
[WhiteCountry "ESP"]
[WhiteFideId "24593486"]
[WhiteEloChange "-3"]
[BlackClock "1:30"]
[BlackElo "1992"]
[BlackCountry "ESP"]
[BlackFideId "24526371"]
[BlackEloChange "3"]

1. d4 {[%clk 1:30:00]} Nf6 {[%clk 1:30:00]} 2. Nf3 {[%clk 1:31:00]} e6 {[%clk
1:30:00]} 3. e3 {[%clk 1:31:00]} b6 {[%clk 1:31:00]} 4. Bd3 {[%clk 1:30:00]} Bb7
{[%clk 1:31:00]} 5. O-O {[%clk 1:30:00]} Be7 {[%clk 1:31:00]} 6. b3 {[%clk
1:30:00]} O-O {[%clk 1:30:00]} 7. Nbd2 {[%clk 1:30:00]} d5 {[%clk 1:30:00]} 8.
Bb2 {[%clk 1:30:00]} c5 {[%clk 1:30:00]} 9. Ne5 {[%clk 1:29:00]} Nc6 {[%clk
1:30:00]} 10. a3 {[%clk 1:27:00]} Rc8 {[%clk 1:25:00]} 11. f4 {[%clk 1:24:00]}
Nxe5 {[%clk 1:22:00]} 12. fxe5 {[%clk 1:22:00]} Ne4 {[%clk 1:22:00]} 13. Rf3
{[%clk 1:10:00]} f5 {[%clk 1:19:00]} 14. exf6 {[%clk 0:57:00]} Bxf6 {[%clk
1:18:00]} 15. Rh3 {[%clk 0:52:00]} cxd4 {[%clk 0:55:00]} 16. Qh5 {[%clk 0:41:00]}
h6 {[%clk 0:49:00]} 17. Nxe4 {[%clk 0:24:00]} dxe4 {[%clk 0:49:00]} 18. Bc4
{[%clk 0:25:00]} Bd5 {[%clk 0:47:00]} 19. Bxd5 {[%clk 0:24:00]} Qxd5 {[%clk
0:47:00]} 20. Qxd5 {[%clk 0:21:00]} exd5 {[%clk 0:47:00]} 21. Bxd4 {[%clk
0:14:58]} Bxd4 {[%clk 0:47:00]} 22. exd4 {[%clk 0:15:05]} Rxc2 {[%clk 0:47:00]}
23. Rd1 {[%clk 0:14:11]} Rff2 {[%clk 0:47:00]} 24. Rg3 {[%clk 0:14:18]} Rfd2
{[%clk 0:46:00]} 25. Rxd2 {[%clk 0:13:44]} Rxd2 {[%clk 0:46:00]} 26. Rc3 {[%clk
0:14:04]} Rxd4 {[%clk 0:47:00]} 27. Rc8+ {[%clk 0:14:21]} Kh7 {[%clk 0:47:00]}
28. Rc3 {[%clk 0:13:19]} Rd2 {[%clk 0:47:00]} 29. Re3 {[%clk 0:12:39]} Kg6 {[%clk
0:47:00]} 30. g3 {[%clk 0:11:09]} Kf5 {[%clk 0:47:00]} 31. h3 {[%clk 0:11:01]} d4
{[%clk 0:48:00]} 32. Re1 {[%clk 0:11:18]} e3 {[%clk 0:48:00]} 33. Kf1 {[%clk
0:11:06]} Ke4 {[%clk 0:48:00]} 34. g4 {[%clk 0:10:28]} d3 {[%clk 0:49:00]} 35. h4
{[%clk 0:10:43]} Rf2+ {[%clk 0:49:00]} 36. Kg1 {[%clk 0:11:03]} d2 {[%clk
0:49:00]} 37. Rd1 {[%clk 0:11:18]} e2 {[%clk 0:49:00]} 0-1

[Event "Campeonato España Sub 14"]
[Site "Salobreña"]
[Date "2017.07.19"]
[Round "5"]
[White "Aledo Yanguas, David"]
[Black "Canavate Ros, Adrian"]
[Result "1/2-1/2"]
[Board "25"]
[WhiteClock "1:30"]
[WhiteElo "1992"]
[WhiteCountry "ESP"]
[WhiteFideId "22287108"]
[WhiteEloChange "-7"]
[BlackClock "1:30"]
[BlackElo "1702"]
[BlackCountry "ESP"]
[BlackFideId "32070543"]
[BlackEloChange "7"]

1. e4 {[%clk 1:30:00]} c5 {[%clk 1:30:00]} 2. c3 {[%clk 1:31:00]} d5 {[%clk
1:31:00]} 3. exd5 {[%clk 1:31:00]} Qxd5 {[%clk 1:31:00]} 4. d4 {[%clk 1:32:00]}
Nf6 {[%clk 1:31:00]} 5. Nf3 {[%clk 1:32:00]} Nc6 {[%clk 1:31:00]} 6. Be3 {[%clk
1:32:00]} cxd4 {[%clk 1:30:00]} 7. cxd4 {[%clk 1:33:00]} e6 {[%clk 1:30:00]} 8.
Nc3 {[%clk 1:33:00]} Qd8 {[%clk 1:27:00]} 9. Bd3 {[%clk 1:33:00]} Be7 {[%clk
1:25:00]} 10. O-O {[%clk 1:34:00]} O-O {[%clk 1:26:00]} 11. a3 {[%clk 1:34:00]}
b6 {[%clk 1:25:00]} 12. Ne2 {[%clk 1:31:00]} Bb7 {[%clk 1:22:00]} 13. Ng3 {[%clk
1:29:00]} Rc8 {[%clk 1:20:00]} 14. Rc1 {[%clk 1:28:00]} Qd7 {[%clk 1:17:00]} 15.
Qe2 {[%clk 1:24:00]} Rfd8 {[%clk 1:14:00]} 16. Rfd1 {[%clk 1:25:00]} Nd5 {[%clk
1:08:00]} 17. Bb5 {[%clk 1:17:00]} Bf6 {[%clk 1:02:00]} 18. Ne4 {[%clk 1:14:00]}
Qe7 {[%clk 1:00:00]} 19. Nxf6+ {[%clk 1:11:00]} Nxf6 {[%clk 1:00:00]} 20. Bg5
{[%clk 1:10:00]} Qd6 {[%clk 0:54:00]} 21. Bxc6 {[%clk 1:07:00]} Bxc6 {[%clk
0:54:00]} 22. Ne5 {[%clk 1:07:00]} Bb7 {[%clk 0:47:00]} 23. Rxc8 {[%clk 1:02:00]}
Rxc8 {[%clk 0:47:00]} 24. Bxf6 {[%clk 1:02:00]} gxf6 {[%clk 0:47:00]} 25. Qg4+
{[%clk 1:00:00]} Kf8 {[%clk 0:46:00]} 26. Nf3 {[%clk 0:58:00]} Ke7 {[%clk
0:43:00]} 27. Nh4 {[%clk 0:40:00]} Rc2 {[%clk 0:37:00]} 28. Re1 {[%clk 0:36:00]}
Kf8 {[%clk 0:31:00]} 29. b4 {[%clk 0:05:40]} Rc3 {[%clk 0:22:00]} 30. Qh5 {[%clk
0:04:49]} Kg8 {[%clk 0:21:00]} 31. Qh6 {[%clk 0:04:34]} Qd8 {[%clk 0:18:22]} 32.
a4 {[%clk 0:02:58]} Rc4 {[%clk 0:17:13]} 33. h3 {[%clk 0:02:37]} Rxd4 {[%clk
0:16:55]} 34. Re3 {[%clk 0:03:02]} Rd5 {[%clk 0:15:50]} 35. f4 {[%clk 0:02:02]}
Rd3 {[%clk 0:15:38]} 36. Rxd3 {[%clk 0:02:05]} Qxd3 {[%clk 0:15:53]} 37. Qxf6
{[%clk 0:02:30]} Qb1+ {[%clk 0:13:25]} 38. Kh2 {[%clk 0:02:49]} Qxb4 {[%clk
0:13:16]} 39. Qg5+ {[%clk 0:03:09]} Kf8 {[%clk 0:12:45]} 40. Qd8+ {[%clk
0:03:28]} Kg7 {[%clk 0:13:01]} 41. Qg5+ {[%clk 0:02:52]} Kf8 {[%clk 0:13:03]} 42.
Qd8+ {[%clk 0:02:52]} 1/2-1/2

[Event "Campeonato España Sub 14"]
[Site "Salobreña"]
[Date "2017.07.20"]
[Round "6"]
[White "Henderson de La Fuente, Lance"]
[Black "Gines Esteo, Pedro Antonio"]
[Result "1-0"]
[Board "1"]
[WhiteClock "n/a"]
[WhiteElo "2369"]
[WhiteCountry "ESP"]
[WhiteFideId "32096585"]
[WhiteEloChange "10"]
[BlackClock "n/a"]
[BlackTitle "FM"]
[BlackElo "2375"]
[BlackCountry "ESP"]
[BlackFideId "32080190"]
[BlackEloChange "-10"]

1. e4 {[%clk 1:30:30]} c6 {[%clk 1:30:30]} 2. d4 {[%clk 1:30:30]} d5 {[%clk
1:30:30]} 3. e5 {[%clk 1:30:30]} Bf5 {[%clk 1:30:30]} 4. h4 {[%clk 1:30:30]} h5
{[%clk 1:30:30]} 5. Bd3 {[%clk 1:30:30]} Bxd3 {[%clk 1:30:30]} 6. Qxd3 {[%clk
1:30:30]} e6 {[%clk 1:30:30]} 7. Bg5 {[%clk 1:30:30]} Be7 {[%clk 1:30:30]} 8. Nf3
{[%clk 1:30:30]} Nd7 {[%clk 1:30:30]} 9. Nc3 {[%clk 1:30:30]} a6 {[%clk 1:30:30]}
10. Ne2 {[%clk 1:30:30]} Qa5+ {[%clk 1:30:30]} 11. c3 {[%clk 1:30:30]} Qb5 {[%clk
1:30:30]} 12. Qd2 {[%clk 1:30:30]} c5 {[%clk 1:30:30]} 13. O-O {[%clk 1:30:30]}
Nb6 {[%clk 1:30:30]} 14. b3 {[%clk 1:30:30]} c4 {[%clk 1:30:30]} 15. a4 {[%clk
1:30:30]} Qc6 {[%clk 1:30:30]} 16. a5 {[%clk 1:30:30]} Nc8 {[%clk 1:30:30]} 17.
bxc4 {[%clk 1:30:30]} Qxc4 {[%clk 1:30:30]} 18. Rfb1 {[%clk 1:30:30]} Rb8 {[%clk
1:30:30]} 19. Qc2 {[%clk 1:30:30]} Bxg5 {[%clk 1:30:30]} 20. Nxg5 {[%clk
1:30:30]} Nge7 {[%clk 1:30:30]} 21. Ra4 {[%clk 1:30:30]} Qc7 {[%clk 1:30:30]} 22.
Nf4 {[%clk 1:30:30]} Na7 {[%clk 1:30:30]} 23. c4 {[%clk 1:30:30]} Rh6 {[%clk
1:30:30]} 24. Qb3 {[%clk 1:30:30]} dxc4 {[%clk 1:30:30]} 25. Rxc4 {[%clk
1:30:30]} Qxa5 {[%clk 1:30:30]} 26. Rc5 {[%clk 1:30:30]} Qd8 {[%clk 1:30:30]} 27.
d5 {[%clk 1:30:30]} exd5 {[%clk 1:30:30]} 28. Nxd5 {[%clk 1:30:30]} Nxd5 {[%clk
1:30:30]} 29. Rxd5 {[%clk 1:30:30]} Qc7 {[%clk 1:30:30]} 30. Rbd1 {[%clk
1:30:30]} Rb6 {[%clk 1:30:30]} 31. Qf3 {[%clk 1:30:30]} Nc6 {[%clk 1:30:30]} 32.
e6 {[%clk 1:30:30]} Nd8 {[%clk 1:30:30]} 33. exf7+ {[%clk 1:30:30]} Nxf7 {[%clk
1:30:30]} 34. Nxf7 {[%clk 1:30:30]} Qxf7 {[%clk 1:30:30]} 35. Rd8+ {[%clk
1:30:30]} Rxd8 {[%clk 1:30:30]} 36. Rxd8+ {[%clk 1:30:30]} Kxd8 {[%clk 1:30:30]}
37. Qxf7 {[%clk 1:30:30]} g6 {[%clk 1:30:30]} 38. f4 {[%clk 1:30:30]} 1-0

[Event "Campeonato España Sub 14"]
[Site "Salobreña"]
[Date "2017.07.20"]
[Round "6"]
[White "Rodriguez Del Cerro, Ricardo"]
[Black "Eizaguerri Floris, Maria"]
[Result "1/2-1/2"]
[Board "2"]
[WhiteClock "1:30"]
[WhiteElo "2034"]
[WhiteCountry "ESP"]
[WhiteFideId "24512451"]
[WhiteEloChange "1"]
[BlackClock "1:30"]
[BlackTitle "WFM"]
[BlackElo "2075"]
[BlackCountry "ESP"]
[BlackFideId "32065752"]
[BlackEloChange "-1"]

1. c4 {[%clk 1:30:00]} e5 {[%clk 1:30:00]} 2. g3 {[%clk 1:31:00]} Nc6 {[%clk
1:30:00]} 3. Bg2 {[%clk 1:31:00]} Bc5 {[%clk 1:30:00]} 4. Nc3 {[%clk 1:31:00]} d6
{[%clk 1:30:00]} 5. e3 {[%clk 1:29:00]} Bf5 {[%clk 1:31:00]} 6. a3 {[%clk
1:26:00]} a5 {[%clk 1:31:00]} 7. d3 {[%clk 1:26:00]} Qd7 {[%clk 1:32:00]} 8. Nge2
{[%clk 1:25:00]} Bh3 {[%clk 1:31:00]} 9. Bxh3 {[%clk 1:10:00]} Qxh3 {[%clk
1:31:00]} 10. Nd5 {[%clk 1:10:00]} Rc8 {[%clk 1:20:00]} 11. Ng1 {[%clk 1:02:00]}
Qf5 {[%clk 1:11:00]} 12. Nf3 {[%clk 0:54:00]} Nge7 {[%clk 1:06:00]} 13. Nxe7
{[%clk 0:46:00]} Nxe7 {[%clk 1:07:00]} 14. O-O {[%clk 0:42:00]} O-O {[%clk
0:59:00]} 15. d4 {[%clk 0:39:00]} Ba7 {[%clk 0:59:00]} 16. b4 {[%clk 0:36:00]}
Ng6 {[%clk 0:46:00]} 17. Bb2 {[%clk 0:33:00]} Rfe8 {[%clk 0:46:00]} 18. Rc1
{[%clk 0:15:08]} h5 {[%clk 0:46:00]} 19. Nd2 {[%clk 0:11:34]} e4 {[%clk 0:38:00]}
20. f3 {[%clk 0:11:20]} Qg5 {[%clk 0:37:00]} 21. fxe4 {[%clk 0:10:24]} Qxe3+
{[%clk 0:37:00]} 22. Kh1 {[%clk 0:10:53]} Re7 {[%clk 0:29:00]} 23. Rc3 {[%clk
0:08:36]} Qg5 {[%clk 0:27:00]} 24. Rcf3 {[%clk 0:08:57]} Qg4 {[%clk 0:26:00]} 25.
Rf5 {[%clk 0:08:21]} Qxd1 {[%clk 0:24:00]} 26. Rxd1 {[%clk 0:08:50]} axb4 {[%clk
0:21:00]} 27. axb4 {[%clk 0:09:19]} h4 {[%clk 0:21:00]} 28. Ra1 {[%clk 0:09:24]}
Bb8 {[%clk 0:21:00]} 29. gxh4 {[%clk 0:09:47]} Nxh4 {[%clk 0:21:00]} 30. Rh5
{[%clk 0:07:13]} Ng6 {[%clk 0:21:00]} 31. Rha5 {[%clk 0:06:02]} Rce8 {[%clk
0:20:00]} 32. Kg2 {[%clk 0:04:18]} f5 {[%clk 0:18:28]} 33. e5 {[%clk 0:02:07]}
dxe5 {[%clk 0:17:38]} 34. dxe5 {[%clk 0:02:36]} Nxe5 {[%clk 0:18:01]} 35. Bxe5
{[%clk 0:01:56]} Rxe5 {[%clk 0:18:27]} 36. Rxe5 {[%clk 0:02:27]} Rxe5 {[%clk
0:18:48]} 37. Ra8 {[%clk 0:02:55]} Re2+ {[%clk 0:16:21]} 38. Kg1 {[%clk 0:01:01]}
Rxd2 {[%clk 0:16:36]} 39. Rxb8+ {[%clk 0:01:29]} Kf7 {[%clk 0:13:51]} 40. Rxb7
{[%clk 0:01:56]} Rd7 {[%clk 0:09:57]} 41. b5 {[%clk 0:01:25]} Ke6 {[%clk
0:10:13]} 42. c5 {[%clk 0:01:37]} Kd5 {[%clk 0:10:07]} 43. b6 {[%clk 0:01:24]}
Kc6 {[%clk 0:10:25]} 44. Rxc7+ {[%clk 0:00:37]} Rxc7 {[%clk 0:10:51]} 45. bxc7
{[%clk 0:01:09]} Kxc7 {[%clk 0:11:14]} 46. Kf2 {[%clk 0:01:37]} Kc6 {[%clk
0:11:31]} 47. Ke3 {[%clk 0:02:01]} Kxc5 {[%clk 0:08:15]} 48. Kf4 {[%clk 0:02:27]}
g6 {[%clk 0:08:38]} 49. h4 {[%clk 0:02:44]} Kd5 {[%clk 0:08:40]} 50. h5 {[%clk
0:02:59]} gxh5 {[%clk 0:08:59]} 51. Kxf5 {[%clk 0:09:24]} h4 {[%clk 0:03:20]} 52.
Kg4 {[%clk 0:09:45]} Ke4 {[%clk 0:03:52]} 53. Kxh4 {[%clk 0:04:15]} Ke5 {[%clk
0:03:52]} 1/2-1/2

[Event "Campeonato España Sub 14"]
[Site "Salobreña"]
[Date "2017.07.20"]
[Round "6"]
[White "Quispe Arteaga, Gabriel"]
[Black "Bermudez Revuelta, Paula"]
[Result "1-0"]
[Board "3"]
[WhiteClock "1:30"]
[WhiteTitle "FM"]
[WhiteElo "2231"]
[WhiteCountry "ESP"]
[WhiteFideId "32059809"]
[WhiteEloChange "2"]
[BlackClock "1:30"]
[BlackElo "1752"]
[BlackCountry "ESP"]
[BlackFideId "32073623"]
[BlackEloChange "-2"]

1. d4 {[%clk 1:30:00]} d5 {[%clk 1:30:00]} 2. Nf3 {[%clk 1:31:00]} Nf6 {[%clk
1:31:00]} 3. g3 {[%clk 1:31:00]} e6 {[%clk 1:31:00]} 4. Bg2 {[%clk 1:31:00]} c5
{[%clk 1:31:00]} 5. O-O {[%clk 1:32:00]} Nc6 {[%clk 1:31:00]} 6. c4 {[%clk
1:15:00]} Be7 {[%clk 1:21:00]} 7. cxd5 {[%clk 1:14:00]} Nxd5 {[%clk 1:18:00]} 8.
dxc5 {[%clk 1:09:00]} Bxc5 {[%clk 1:16:00]} 9. a3 {[%clk 1:09:00]} a5 {[%clk
1:14:00]} 10. Qc2 {[%clk 1:06:00]} Bd6 {[%clk 1:09:00]} 11. Rd1 {[%clk 1:05:00]}
Qc7 {[%clk 1:07:00]} 12. e4 {[%clk 0:55:00]} Nf6 {[%clk 1:02:00]} 13. Nc3 {[%clk
0:55:00]} Ne5 {[%clk 1:02:00]} 14. Rxd6 {[%clk 0:53:00]} Nxe4 {[%clk 0:56:00]}
15. Rd1 {[%clk 0:52:00]} Nxf3+ {[%clk 0:56:00]} 16. Bxf3 {[%clk 0:53:00]} Nxc3
{[%clk 0:53:00]} 17. Qxc3 {[%clk 0:53:00]} Qxc3 {[%clk 0:53:00]} 18. bxc3 {[%clk
0:53:00]} O-O {[%clk 0:51:00]} 19. Bf4 {[%clk 0:54:00]} f6 {[%clk 0:50:00]} 20.
Bd6 {[%clk 0:54:00]} Rf7 {[%clk 0:47:00]} 21. Bc5 {[%clk 0:54:00]} Rd7 {[%clk
0:47:00]} 22. Rxd7 {[%clk 0:54:00]} Bxd7 {[%clk 0:48:00]} 23. Bxb7 {[%clk
0:54:00]} Rb8 {[%clk 0:48:00]} 24. Be4 {[%clk 0:55:00]} Rc8 {[%clk 0:48:00]} 25.
Bb6 {[%clk 0:55:00]} a4 {[%clk 0:47:00]} 26. Rd1 {[%clk 0:55:00]} Bc6 {[%clk
0:47:00]} 27. Bc2 {[%clk 0:55:00]} Bd5 {[%clk 0:44:00]} 28. Bxa4 {[%clk 0:56:00]}
Rxc3 {[%clk 0:44:00]} 29. Ra1 {[%clk 0:56:00]} Kf7 {[%clk 0:42:00]} 30. Be3
{[%clk 0:57:00]} g5 {[%clk 0:41:00]} 31. Bb5 {[%clk 0:57:00]} Rb3 {[%clk
0:40:00]} 32. Bf1 {[%clk 0:57:00]} Kg6 {[%clk 0:39:00]} 33. a4 {[%clk 0:57:00]}
e5 {[%clk 0:39:00]} 34. a5 {[%clk 0:57:00]} Kf7 {[%clk 0:38:00]} 35. a6 {[%clk
0:57:00]} Rb4 {[%clk 0:37:00]} 36. a7 {[%clk 0:57:00]} Ba8 {[%clk 0:38:00]} 37.
Rc1 {[%clk 0:57:00]} 1-0

[Event "Campeonato España Sub 14"]
[Site "Salobreña"]
[Date "2017.07.20"]
[Round "6"]
[White "Alonso Garcia, Aaron"]
[Black "Carbonell Sancho, Marc"]
[Result "1-0"]
[Board "4"]
[WhiteClock "1:30"]
[WhiteElo "2119"]
[WhiteCountry "ESP"]
[WhiteFideId "24521060"]
[WhiteEloChange "5"]
[BlackClock "1:30"]
[BlackElo "1943"]
[BlackCountry "ESP"]
[BlackFideId "32029969"]
[BlackEloChange "-5"]

1. e4 {[%clk 1:30:00]} e6 {[%clk 1:30:00]} 2. d3 {[%clk 1:31:00]} d5 {[%clk
1:30:00]} 3. Nd2 {[%clk 1:31:00]} c5 {[%clk 1:31:00]} 4. Ngf3 {[%clk 1:31:00]}
Nc6 {[%clk 1:31:00]} 5. g3 {[%clk 1:32:00]} g6 {[%clk 1:32:00]} 6. Bg2 {[%clk
1:32:00]} Bg7 {[%clk 1:32:00]} 7. O-O {[%clk 1:32:00]} Nf6 {[%clk 1:33:00]} 8.
Re1 {[%clk 1:33:00]} O-O {[%clk 1:33:00]} 9. c3 {[%clk 1:30:00]} a5 {[%clk
1:34:00]} 10. e5 {[%clk 1:19:00]} Ng4 {[%clk 1:33:00]} 11. d4 {[%clk 1:18:00]}
cxd4 {[%clk 1:34:00]} 12. cxd4 {[%clk 1:18:00]} f6 {[%clk 1:34:00]} 13. Bh3
{[%clk 1:00:00]} h5 {[%clk 1:34:00]} 14. Nb3 {[%clk 0:52:00]} fxe5 {[%clk
1:17:00]} 15. Bxg4 {[%clk 0:52:00]} e4 {[%clk 1:18:00]} 16. Ne5 {[%clk 0:35:00]}
Bxe5 {[%clk 1:04:00]} 17. dxe5 {[%clk 0:33:00]} hxg4 {[%clk 1:04:00]} 18. Bf4
{[%clk 0:33:00]} Qe8 {[%clk 1:01:00]} 19. Qxg4 {[%clk 0:27:00]} a4 {[%clk
0:58:00]} 20. Nd2 {[%clk 0:27:00]} Nb4 {[%clk 0:58:00]} 21. Re2 {[%clk 0:25:00]}
Nd3 {[%clk 0:56:00]} 22. f3 {[%clk 0:25:00]} Nxf4 {[%clk 0:52:00]} 23. gxf4
{[%clk 0:25:00]} e3 {[%clk 0:52:00]} 24. Nf1 {[%clk 0:23:00]} Qf7 {[%clk
0:48:00]} 25. Nxe3 {[%clk 0:19:52]} Kg7 {[%clk 0:49:00]} 26. Rg2 {[%clk 0:19:07]}
Bd7 {[%clk 0:47:00]} 27. Rd1 {[%clk 0:17:47]} Rac8 {[%clk 0:46:00]} 28. h4 {[%clk
0:13:37]} Kh7 {[%clk 0:46:00]} 29. Qg5 {[%clk 0:13:07]} Be8 {[%clk 0:44:00]} 30.
Ng4 {[%clk 0:12:37]} Qxf4 {[%clk 0:38:00]} 31. Nf6+ {[%clk 0:12:15]} Rxf6 {[%clk
0:38:00]} 32. exf6 {[%clk 0:12:27]} Rc4 {[%clk 0:37:00]} 33. Rf1 {[%clk 0:10:28]}
Qd4+ {[%clk 0:34:00]} 34. Kh1 {[%clk 0:10:56]} Qf4 {[%clk 0:35:00]} 35. Rg4
{[%clk 0:09:51]} Qxg5 {[%clk 0:35:00]} 36. hxg5 {[%clk 0:10:44]} Rc2 {[%clk
0:34:00]} 37. Rg2 {[%clk 0:09:28]} Rc4 {[%clk 0:35:00]} 38. Kh2 {[%clk 0:08:01]}
Kg8 {[%clk 0:34:00]} 39. Kg3 {[%clk 0:08:21]} Bc6 {[%clk 0:33:00]} 40. Rh1 {[%clk
0:08:19]} e5 {[%clk 0:32:00]} 41. Rgh2 {[%clk 0:08:33]} Kf7 {[%clk 0:33:00]} 42.
Rh8 {[%clk 0:08:08]} Rf4 {[%clk 0:33:00]} 43. R1h7+ {[%clk 0:07:45]} Ke6 {[%clk
0:33:00]} 44. Re7+ {[%clk 0:07:45]} 1-0